Pemikiran kritis

Bibliographic Details
Main Author: Lok Chong Hoe
Format: Book
Published: Pulau Pinang : USM , 1985
Subjects:

MARC

LEADER 00000cam a2200000 7i4500
001 0000004864
002 000005245
005 20000330.0
020 |a 9679911225 
090 0 0 |a 160   |b LOK 
100 0 |a Lok Chong Hoe 
245 1 0 |a Pemikiran kritis   |c Lok Chong Hoe 
260 |a Pulau Pinang :   |b USM ,   |c 1985 
300 |a 198p. ;   |c 22cm. 
650 0 0 |a Induction (Logic) 
650 0 0 |a Logic 
999 |a 0007730   |b BUKU   |c PINJAMAN   |e PERPUSTAKAAN KOMUNITI PETALING JAYA 
999 |a 034777   |b BUKU   |c PINJAMAN   |e PERPUSTAKAAN KOMUNITI PETALING JAYA 
999 |a 034778   |b BUKU   |c PINJAMAN   |e PERPUSTAKAAN KOMUNITI PETALING JAYA